Summer & Winter Olympic Games Host Cities - Statistics

General Stats
  • This quiz has been taken 910 times
    418 since last reset
  • The average score is 45 of 59
Answer Stats
Games City % Correct
2024 Paris
99%
1924 Paris
99%
1900 Paris
99%
2012 London
98%
1948 London
98%
1908 London
98%
2028 Los Angeles
98%
1984 Los Angeles
98%
1932 Los Angeles
98%
2016 Rio de Janeiro
96%
2020 Tokyo
96%
1964 Tokyo
96%
2022 Beijing
95%
2008 Beijing
95%
2000 Sydney
94%
2004 Athens
93%
1896 Athens
93%
1936 Berlin
92%
1992 Barcelona
90%
1980 Moscow
89%
1960 Rome
88%
1988 Seoul
87%
1996 Atlanta
85%
1952 Helsinki
85%
1972 Munich
85%
1912 Stockholm
85%
1968 Mexico City
84%
2010 Vancouver
84%
2034 Salt Lake City
81%
2002 Salt Lake City
81%
2014 Sochi
81%
1956 Melbourne
79%
1976 Montreal
79%
1952 Oslo
79%
2026 Milan-Cortina d'Ampezzo
78%
1928 Amsterdam
77%
2006 Turin
76%
1920 Antwerp
68%
1904 St. Louis
68%
2032 Brisbane
66%
1994 Lillehammer
65%
1984 Sarajevo
65%
1988 Calgary
63%
2018 Pyeongchang
62%
1980 Lake Placid
60%
1932 Lake Placid
60%
1976 Innsbruck
57%
1964 Innsbruck
57%
1998 Nagano
57%
1992 Albertville
50%
1972 Sapporo
50%
1924 Chamonix
46%
1948 St. Moritz
46%
1928 St. Moritz
46%
1968 Grenoble
43%
1956 Cortina d'Ampezzo
42%
1936 Garmisch-Partenkirchen
42%
1960 Squaw Valley
39%
2030 French Alps
31%
No matching quizzes found
Score Distribution
Percent of People with Each Score
Percentile by Number Answered
Your Score History
You have not taken this quiz since the last reset